000 00674nam a2200217Ii 4500
003 JO-AjNU
008 230605s9999||||xx |||||||||||||| ||und||
017 _a2001/11/2390
040 _aJO-AjNU
_bara
_erda
_cJO-AjNU
041 _aara
050 1 4 _aPJ7808.U2.N37 2002
100 3 _aتأليف أبو عبيد، نايف,
_eauthor
_949482
245 0 0 _aنشيج القوافي
250 _aط1
264 3 1 _aعمان:دار الكرمل،2002
300 _a108ص
336 _atext
_btxt
_2rdacontent
337 _aunmediated
_bn
_2rdamedia
338 _avolume
_bnc
_2rdacarrier
650 4 _aالشعر العربي - القرن العشرين - الأردن
_949483
999 _aA21736
_c25304
_d25304